000 01527nam0a2200349 4500
001 RU\NLR\bibl\1202724
005 20250615102251.0
010 _a978-5-9614-0642-9
_92000
021 _aRU
_b2008-4622
_9247
035 _a(NLR Aleph) 001189219
090 _a1706649
_c1706649
100 _a20080318d2007 |||y0rusy50 ca
101 1 _arus
_ceng
102 _aRU
105 _aa |||||||||
200 1 _aЛидерство Мацуситы
_eуроки выдающегося предпринимателя XX века
_fДжон П. Коттер
_gпер. с англ. [И. Минервина]
_zeng
205 _a3-е изд.
210 _aМосква
_cАльпина Бизнес Букс
_d2007
215 _a252, [1] с.
_cил.
_d24
300 _aЗагл. и авт. ориг.: Matsushita leadership / John P. Kotter
454 0 _1700#1$aKotter$bJ. P.$gJohn P.$4070
_12001#$aMatsushita leadership$fJohn P. Kotter
_aKotter, John P.
_tMatsushita leadership
600 1 _aМацусита
_bК.
_f1894 - 1989
_gКоносуке
_92363757
_3RU\NLR\auth\661411330
606 1 _aПредпринимательство
_yЯпония
_92273646
_3RU\NLR\auth\661362639
606 1 _aЭлектротехническая промышленность
_yЯпония
_91994161
_3RU\NLR\auth\66915857
686 _aУ9(5Я)-13
686 _aУ30(5Я)585.151.2
700 1 _aКоттер
_bД. П.
_gДжон П
_4070
801 0 _aRU
_bNLR
_c20080318
_gRCR
801 1 _aRU
_bNLR
_c20080318
942 _cBOOK
980 _aNB